Những vấn đề cơ bản về môi trường và phát triển bền vững vùng Trung bộ : Giai đoạn 2011 - 2020

Công trình nghiên cứu “Những vấn đề cơ bản về môi trường và phát triển bền vững vùng Trung Bộ giai đoạn 2011-2020” mong muốn hướng vào đánh giá đặc thù về sử dụng tài nguyên và những vấn đề về môi trường, để đề xuất các biện phá...

Deskribapen osoa

Gorde:
Xehetasun bibliografikoak
Egile nagusia: Nguyễn, Ngọc Khánh
Formatua: Liburua
Hizkuntza:Undetermined
Argitaratua: Hà Nội Từ điển Bách khoa 2012
Gaiak:
Etiketak: Etiketa erantsi
Etiketarik gabe, Izan zaitez lehena erregistro honi etiketa jartzen!
Thư viện lưu trữ: Trung tâm Học liệu Trường Đại học Cần Thơ
LEADER 01519nam a2200241Ia 4500
001 CTU_174948
008 210402s9999 xx 000 0 und d
020 |c 72000 
082 |a 333.7095974 
082 |b Kh107 
100 |a Nguyễn, Ngọc Khánh 
245 0 |a Những vấn đề cơ bản về môi trường và phát triển bền vững vùng Trung bộ : 
245 0 |b Giai đoạn 2011 - 2020 
245 0 |c Chủ biên Nguyễn Ngọc Khánh 
260 |a Hà Nội 
260 |b Từ điển Bách khoa 
260 |c 2012 
520 |a Công trình nghiên cứu “Những vấn đề cơ bản về môi trường và phát triển bền vững vùng Trung Bộ giai đoạn 2011-2020” mong muốn hướng vào đánh giá đặc thù về sử dụng tài nguyên và những vấn đề về môi trường, để đề xuất các biện pháp quy hoạch đồng bộ, nhằm tiến tới mục tiêu phát triển bền vững cho giai đoạn kế tiếp đến năm 2010 và từ năm 2011 đến năm 2020. 
650 |a Economic development,Natural resources,Phát triển kinh tế,Nguồn tài nguyên thiên nhiên 
650 |x Environmental aspects,Khía cạnh môi trường 
650 |z Vietnam,Vietnam,Việt Nam,Việt Nam 
904 |i Trọng Hiếu 
980 |a Trung tâm Học liệu Trường Đại học Cần Thơ